La objecin̤ de conciencia en instituciones de salud

Detalles Bibliográficos
Autor principal: Prieto, Vicente
Formato: eBook
Lenguaje:español
Publicado: Cha̕: Universidad de La Sabana, 2013
Materias:
Acceso en línea:Acceso restringido

MARC

LEADER 00000nam a22000007a 4500
005 20190810164127.0
007 cr|||| |||
008 190810s2013 co |||||s|||| 00||0 spa d
020 |a 978-958-35-0945-2 
035 |a 23899 
040 |a vLex 
090 |c 9152  |d 9152 
100 1 |a Prieto, Vicente 
245 1 2 |a La objecin̤ de conciencia en instituciones de salud  |h [Recurso electrn̤ico] /  |c Vicente Prieto 
256 |a Servicio en ln̕ea 
260 |a Cha̕:  |b Universidad de La Sabana,  |c 2013 
300 |a 1 recurso electrn̤ico 
506 1 |a Disponible solo en los productos indicados  |d vLex Global  |d vLex Global (Academic Edition, excluding Law Schools)  |d vLex Global (U.S. Academic Edition, Law Schools)  |d vLex Global (U.S. Academic Edition, excluding Law Schools)  |d vLex Global (Academic Edition, Law Schools) 
650 0 4 |a Economa̕ Espaǫla  |z Colombia 
650 0 4 |a Medicina  |z Colombia 
740 0 |a vLex Libros (Servicio en ln̕ea) 
856 4 0 |u http://vlex.com/source/objecion-conciencia-instituciones-salud-23899  |z Acceso restringido 
942 |c BOOK 
999 0 |a Spanish Economy 
999 0 |a Medicine